000 01023nam2a22002771 4500
001 RU\NLR\INFOCOMM6\1000389602
005 20250806205915.0
035 _a(NLR Aleph) 002764489
090 _a56325
_c56325
100 _a20040205d1941 u y0rusy50 ca
101 0 _arus
102 _aRU
105 _ay |||||||||
200 1 _aГрафит из отходов доменного производства
_fШапиро, И.А.
210 _d1941
461 0 _1001RU\NLR\INFOCOMM6\1000389429
_12001#$aТруды Всесоюзного научно-исследовательского института минерального сырья$fКом. по делам геологии при СНК СССР$vВып.173
700 1 _aШапиро
_bИ.А.
_4070
801 1 _aRU
_bInfoComm
_c20040205
801 0 _aRU
_bNLR
_gPSBO
852 _aNLR
_jП7/387
942 _cISSUE
945 _aРоссийская национальная библиотека
980 _aNB
980 _aBV
980 _aRUSPER